Poesías y memorias leídas en la Sección de Literatura y Bellas Artes del Ateneo de Madrid (Record no. 5313)

MARC details
000 -LEADER
campo de control de longitud fija 01140npm a2200253 i 4500
001 - NÚMERO DE CONTROL
campo de control 5313
003 - IDENTIFICADOR DE NÚMERO DE CONTROL
campo de control ES-MaACL
005 - FECHA Y HORA DE LA ÚLTIMA TRANSACCIÓN
campo de control 20240424210052.0
007 - CAMPO FIJO DE DESCRIPCIÓN FÍSICA--INFORMACIÓN GENERAL
campo de control de longitud fija hzrazu bucu
008 - DATOS DE LONGITUD FIJA--INFORMACIÓN GENERAL
campo de control de longitud fija 900430r19901837sp b 00010 spa d
080 ## - NÚMERO DE LA CLASIFICACIÓN DECIMAL UNIVERSAL
Número de la Clasificación Decimal Universal 061.21(464.1)Ateneo"1837/41"
080 ## - NÚMERO DE LA CLASIFICACIÓN DECIMAL UNIVERSAL
Número de la Clasificación Decimal Universal 86-1"18"(082)
245 00 - MENCIÓN DEL TÍTULO
Título Poesías y memorias leídas en la Sección de Literatura y Bellas Artes del Ateneo de Madrid
Resto del título : [Microforma] : sesiones del 16 de enero de 1837 al 8 de marzo de 1841. Lista de sus individuos en 1837.
260 ## - PUBLICACIÓN, DISTRIBUCIÓN, ETC.
Lugar de publicación, distribución, etc. Madrid :
Nombre del editor, distribuidor, etc. Ateneo Científico, Literario y Artístico,
Fecha de publicación, distribución, etc. 1990.
300 ## - DESCRIPCIÓN FÍSICA
Extensión 3 microfichas :
Otras características físicas negativo.
500 ## - NOTA GENERAL
Nota general Reproducción del ejemplar manuscrito, 1837.
505 8# - NOTA DE CONTENIDO CON FORMATO
Nota de contenido con formato Microficha n. 1: 1837 (p.1 a 48) -- Microficha n. 2: 1837 (p.49 a 97) -- Microficha n. 3: 1841 y Lista de individuos...
610 27 - PUNTO DE ACCESO ADICIONAL DE MATERIA--NOMBRE DE ENTIDAD CORPORATIVA
9 (RLIN) 157397
Nombre de entidad corporativa o nombre de jurisdicción como elemento de entrada Ateneo de Madrid.
Unidad subordinada Sección de Literatura y Bellas Artes-
Subdivisión de forma Memorias
650 14 - PUNTO DE ACCESO ADICIONAL DE MATERIA--TÉRMINO DE MATERIA
Término de materia o nombre geográfico como elemento de entrada Obras de 1800.
9 (RLIN) 15662
710 2# - ENTRADA AGREGADA--NOMBRE DE ENTIDAD CORPORATIVA
Nombre de entidad corporativa o nombre de jurisdicción como elemento de entrada Ateneo de Madrid.
Unidad subordinada Sección de Literatura y Bellas Artes
9 (RLIN) 2001
852 ## - LOCALIZACIÓN
Ubicación ES-MaACL
Número de control de estantería MCF-60
itemnumber 5430
942 ## - ELEMENTOS DE ENTRADA SECUNDARIOS (KOHA)
Fuente del sistema de clasificación o colocación Clasificación decimal universal
Tipo de ítem Koha Microforma
Holdings
Estatus retirado Estado de pérdida Fuente del sistema de clasificación o colocación Estado de daño No para préstamo Colección Biblioteca de origen Biblioteca actual Ubicación en estantería Fecha de adquisición Total de préstamos Signatura topográfica completa Código de barras Visto por última vez Precio de reemplazo Tipo de ítem Koha
    Clasificación decimal universal     Fondo Ateneo de Madrid Biblioteca del Ateneo de Madrid Biblioteca del Ateneo de Madrid Depósito 1 17/01/2008   MCF-60 1005376 23/02/2023 23/02/2023 Microforma